000 01040nmc a2200349 a 4500
003 AR-BaBNM
005 20251128205104.0
008 011101s1996 ||||||||||||||000 | spa||
020 _a950-687-024-1
040 _cAR-BaBNM
100 1 _aBrailovsky, Antonio Elio
245 1 0 _aEl ambiente en las sociedades precolombinas
250 _a1ª ed.
260 _aBuenos Aires
_bConicet
_c1996
300 _a77 p.
490 0 _aProciencia Conicet
500 _aReferencias p. 77-79
650 4 _aACTIVIDADES DE APRENDIZAJE
650 4 _aCIENCIAS AMBIENTALES
650 4 _aMEDIO HUMANO
650 4 _aECOLOGIA
650 4 _aPREHISTORIA
650 4 _aADAPTACION BIOLOGICA
650 4 _aFORMACION DE DOCENTES
651 4 _aAmérica del Sur
651 4 _aAmérica del Norte
653 _aEDUCACION A DISTANCIA
710 _aConsejo Nacional de Investigaciones Científicas y Técnicas [Argentina]
_9CONICET
_bPrograma Prociencia
710 2 _aArgentina
_bMinisterio de Cultura y Educación
942 _cBK
998 _cCarmen
999 _c9940
_d9940